ボカコレ歴代TOP100(TOP30)・ルーキーランキング上位10曲 - Statistics

General Stats
  • This quiz has been taken 40 times
    35 since last reset
  • The average score is 65 of 180
Answer Stats
ボカコレ
カテゴリー
順位 ボカロP 曲名 再生回数(万) % Correct
2024冬 TOP100 1 原口沙輔 イガク 342
87%
2022春 TOP100 1 r-906 まにまに 225
84%
2022秋 TOP100 1 いよわ 熱異常 278
77%
2020冬 TOP30 4 柊マグネタイト 終焉逃避行 118
74%
2020冬 ルーキー 1 柊マグネタイト 終焉逃避行 118
74%
2023春 TOP100 1 まらしぃ、じん、kemu 新人類 194
74%
2023春 ルーキー 2 なみぐる ずんだパーリナイ 88.3
71%
2025冬 TOP100 1 あばらや 花弁、それにまつわる音声 12.7
71%
2023夏 TOP100 1 稲葉曇 リレイアウター 147
68%
2023夏 TOP100 10 大漠波新 あいのうた 109
68%
2024冬 ルーキー 1 駄菓子O型 あちこちデートさん 26
68%
2022秋 ルーキー 1 A4。 天使の翼。 105
65%
2025冬 ルーキー 1 ひらぎ マリオネットダンサー 7.6
65%
2020冬 TOP30 5 いよわ 1000年生きてる 455
65%
2023春 TOP100 3 きさら スターダストメドレー 64.8
61%
2023夏 TOP100 6 もちうつね 風呂入るプロファイル 31.7
61%
2024冬 TOP100 3 youまん ワーストリグレット 44.6
61%
2020冬 TOP30 2 柊キライ ラブカ? 224
58%
2021秋 TOP100 1 バルーン パメラ 355
58%
2023春 TOP100 2 いよわ 一千光年 114
58%
2023夏 TOP100 2 なみぐる ずんだシェイキング 43
58%
2023夏 ルーキー 1 海茶 おどロボ 71.6
58%
2024冬 TOP100 4 柊マグネタイト 可不ェイン 40.4
58%
2025冬 TOP100 4 椎乃味醂 1ピース 4.9
58%
2022春 TOP100 2 ろーある 感情ディシーブ 56.5
55%
2022春 ルーキー 1 ろーある 感情ディシーブ 56.5
55%
2022秋 TOP100 2 南ノ南 星界ちゃんと可不ちゃんのおつかい合騒曲 248
55%
2022秋 TOP100 4 ぬゆり、栗山夕璃 シルバーツインズ 30.9
55%
2024冬 TOP100 5 なみぐる ずんだタコヤーキ 15.9
55%
2025冬 TOP100 2 r-906 匙ノ咒 10.4
55%
2025冬 TOP100 5 和田たけあき サーーードアイ!!!! 4.1
55%
2025冬 TOP100 7 晴いちばん エクスプロウル 2.3
55%
2021春 TOP30 1 柊キライ エウレカ 35.1
52%
2022秋 TOP100 5 STEAKA スコーピオンガールの貴重な捕食シーン 54.8
52%
2024冬 TOP100 2 まらしぃ スマート??? 49
52%
2024冬 TOP100 6 大漠波新 わかれみち 76.5
52%
2024冬 TOP100 7 夏山よつぎ ころしちゃった! 52.6
52%
2024冬 ルーキー 2 ァネイロ 一龠 22.2
52%
2025冬 TOP100 3 なみぐる ずんだレンジャー 6.1
52%
2025冬 ルーキー 3 ンバヂ カニが登場するボタン 3.4
52%
2020冬 TOP30 1 R Sound Design Forward 53.3
52%
2021春 TOP30 10 Noz. ヘッジホッグ 78.3
48%
2022秋 TOP100 3 椎乃味醂 知っちゃった 46.1
48%
2023夏 ルーキー 3 世界電力 警報のあった日 12.5
48%
2025冬 TOP100 10 szri 絶滅によろしく 3.5
48%
2021秋 TOP100 2 Fushi インビジヴル 38.7
45%
2021秋 ルーキー 1 Fushi インビジヴル 38.7
45%
2022春 TOP100 7 南ノ南 可不ちゃんのカレーうどん狂騒曲 131
45%
2022秋 ルーキー 3 Kai ユニコーンガール 52.3
45%
2022秋 ルーキー 6 Project Lumina 一輪の詩 21.6
45%
2023春 ルーキー 1 ぬぬぬぬぬぬぬぬぬぬぬぬぬぬぬぬ よ う こ そ、 シ チ ュ ー う ど ん 銭 湯 へ !! 65.6
45%
2023夏 ルーキー 2 はこ 百葉箱 19
45%
2024冬 ルーキー 4 さたぱんP ヤババイナ 27.8
45%
2025冬 ルーキー 5 阿修 歌唱するキカイ 2.1
45%
2021春 TOP30 2 卯花ロク 自称、音楽愛好家 32.2
42%
2021春 TOP30 6 柊マグネタイト 凹面黙示録 26.5
42%
2021春 ルーキー 1 卯花ロク 自称、音楽愛好家 32.2
42%
2022春 TOP100 6 メドミア 絶対敵対メチャキライヤー 118
42%
2022春 TOP100 8 seiza プラネテス 31.6
42%
2022春 ルーキー 4 seiza プラネテス 31.6
42%
2023春 TOP100 4 椎乃味醂 あなたにはなれない 38.2
42%
2023春 TOP100 7 フロクロ ビビビビ 33.9
42%
2023春 TOP100 9 Sohbana はなれあうゼロ 13.6
42%
2023春 TOP100 10 鬱P 15.3
42%
2023春 ルーキー 5 A4。 絶望。 12.9
42%
2023夏 TOP100 5 カンザキイオリ 文化になっていく 20.4
42%
2024冬 ルーキー 7 ひらぎ 盲目の怪物 14.8
42%
2025冬 TOP100 6 駄菓子O型 あおばの足音 2.6
42%
2025冬 TOP100 9 Sohbana 正信士 3.2
42%
2024冬 ルーキー 3 Project Lumina VOCALOID COMMUNICATION!!! 20.2
42%
2021秋 TOP100 8 晴いちばん アブセンティー 21.3
39%
2021秋 ルーキー 6 晴いちばん アブセンティー 21.3
39%
2022春 TOP100 3 椎乃味醂 死んでしまったんだ 40.1
39%
2022秋 TOP100 8 晴いちばん ワンダールインズ 25.7
39%
2023春 TOP100 5 Noz. ダストトレイル 33.5
39%
2023春 TOP100 8 青栗鼠 アポカリプス・トーキョー 14.6
39%
2023夏 ルーキー 5 szri クワイエット 18.5
39%
2025冬 TOP100 8 瀬名航 ムーンアイズ・キャット 2.3
39%
2025冬 ルーキー 4 tokiwa 月詠 2.5
39%
2025冬 ルーキー 8 OLDUCT 終末おはなし倶楽部 (Alt.) 1.5
39%
2023春 ルーキー 3 もちうつね 悶々ふぁんもおらん 31.1
35%
2023春 ルーキー 8 Aira フィナーレをあなたに。 30.7
35%
2023夏 TOP100 3 r-906 怪電話 39.9
35%
2023夏 ルーキー 4 雪乃イト 百花繚乱☆スターマイン 16.7
35%
2023夏 ルーキー 8 miru ラストルーキー 7.8
35%
2024冬 ルーキー 6 Ruliea 足んないわ 12.4
35%
2025冬 ルーキー 10 読谷あかね 虹捜索 1.7
35%
2023春 TOP100 6 r-906 Catchy !? 34.7
35%
2022秋 ルーキー 7 daraku GEDO 35.6
35%
2023春 ルーキー 4 もう石田 はじめてのH 14.7
35%
2020冬 TOP30 10 higma 窓辺のモノローグ 15.2
32%
2020冬 ルーキー 4 higma 窓辺のモノローグ 15.2
32%
2020冬 ルーキー 5 一筆かもめ フォークウォーク 12.6
32%
2020冬 ルーキー 7 伊根 ルーセ 49
32%
2021春 TOP30 5 れるりり アイカ 70.8
32%
2022秋 ルーキー 9 雪乃イト 空回りライブラリ 23.3
32%
2023夏 TOP100 4 柊マグネタイト 27.3
32%
2024冬 TOP100 8 南ノ南 裏命ちゃんのフクオカトリップ奇騒曲 23.4
32%
2024冬 TOP100 10 椎乃味醂 ピリオド 23.5
32%
2024冬 ルーキー 9 OLDUCT ダップル 4.6
32%
2024冬 TOP100 9 Sohbana CAMPAIGNR 19.2
32%
2021春 TOP30 3 TearyPlanet アランスミシー 34.9
29%
2021春 ルーキー 4 littlebylittle へんじんおんがく 17.3
29%
2021春 ルーキー 9 ろーある 才能ブルーム 10.6
29%
2021秋 TOP100 4 にっくきゆう ネッコに顔を踏まれたい 20.9
29%
2021秋 ルーキー 3 にっくきゆう ネッコに顔を踏まれたい 20.9
29%
2021秋 ルーキー 7 ◈*ゆくえわっと よろろ 18.7
29%
2021秋 ルーキー 10 おじぇいまる ラズバニー 12.9
29%
2022春 TOP100 4 ユギカ ディフレイル 27
29%
2022春 ルーキー 2 ユギカ ディフレイル 27
29%
2022春 ルーキー 6 ⌘ハイノミ ざらざら 22.4
29%
2022秋 ルーキー 2 Shu 創作性シンドローム 16.6
29%
2023夏 TOP100 9 煮ル果実 魔天楼 22
29%
2023夏 ルーキー 6 Kai キューピット 29.8
29%
2021秋 TOP100 7 きさら AIDANA!!!! 12.8
29%
2023夏 TOP100 8 Noz. MAZE 18.5
29%
2021春 TOP30 7 Fushi ヱスケイプ 13.8
26%
2021春 ルーキー 2 Fushi ヱスケイプ 13.8
26%
2021春 ルーキー 3 きっと、ずっと、ぼっち。 雨音と、舞う。 8.1
26%
2021秋 TOP100 3 はゆ茶 まだボカロ聴いてんの? 16.9
26%
2021秋 ルーキー 2 はゆ茶 まだボカロ聴いてんの? 16.9
26%
2022春 TOP100 10 saikawa 心にもない 9.5
26%
2022春 ルーキー 5 saikawa 心にもない 9.5
26%
2024冬 ルーキー 10 読谷あかね 低画質の人 3.3
26%
2025冬 ルーキー 2 Ruliea さよならギフテッド 3.6
26%
2022春 TOP100 9 ポリスピカデリー Boi 25.7
26%
2020冬 TOP30 6 にっくきゆう PS5が当たらない 13.9
26%
2020冬 ルーキー 2 にっくきゆう PS5が当たらない 13.9
26%
2020冬 TOP30 9 Aqu3ra Snow Mile 15.8
26%
2020冬 TOP30 3 SLAVE.V-V-R あぁ!ボカロ狂想曲 12.7
23%
2020冬 TOP30 7 よたばいと バッド・ゲイザー 12.6
23%
2020冬 ルーキー 3 よたばいと バッド・ゲイザー 12.6
23%
2021春 TOP30 4 40mP 天使と悪魔 8.4
23%
2021春 TOP30 8 ちいたな ヤブレカブレ 8.8
23%
2021春 ルーキー 5 伊根 ナイトフォール 11
23%
2022秋 ルーキー 4 なみぐる ウニクラゲ 21.4
23%
2022秋 ルーキー 10 RED 創造 6.9
23%
2023春 ルーキー 7 雪乃イト 未完成エゴイズム 17.4
23%
2023夏 ルーキー 7 Shu ヰヱロウ 12.4
23%
2024冬 ルーキー 5 雪乃イト シグナル 8.2
23%
2025冬 ルーキー 7 ヨハク ロレムイプサム 1.8
23%
2022春 TOP100 5 袖野あらわ 無題 ep.01 10.7
23%
2022春 ルーキー 3 袖野あらわ 無題 ep.01 10.7
23%
2023夏 TOP100 7 椎乃味醂 OSINT 24.1
23%
2021秋 TOP100 6 littlebylittle Pandalism 15.3
23%
2021秋 ルーキー 5 littlebylittle Pandalism 15.3
23%
2023春 ルーキー 9 Hal SIREN 25.3
23%
2021春 TOP30 9 CleeNoah ヒレフセ 28.8
19%
2021春 ルーキー 6 一筆かもめ スーパーキャット 9
19%
2021秋 ルーキー 9 青栗鼠 エフェメラリズム 11.8
19%
2022秋 TOP100 7 子牛 音街ウナのマスクを買いました 7.8
19%
2021秋 TOP100 5 袖野あらわ Deep 13.2
19%
2021秋 ルーキー 4 袖野あらわ Deep 13.2
19%
2023夏 ルーキー 10 ∄∄∄∄∄(sepiarecorders) ∄ Nascence ∄ 7.6
19%
2021秋 TOP100 10 EZFG ピピボボッット 12.6
16%
2022春 ルーキー 8 他人事 神を偽った悪魔へ【終】 8.1
16%
2022秋 TOP100 9 メドミア 超スーパーウルトラホット 16.2
16%
2022秋 ルーキー 5 ユギカ ディストレス 13.9
16%
2023春 ルーキー 10 Shu 反逆的ヒーロー 10.4
16%
2023夏 ルーキー 9 Project Lumina 空に咲らう 9
16%
2025冬 ルーキー 9 雪乃イト 叫鳴クロニクル 2.4
16%
2022秋 TOP100 6 雄之助 PaⅢ.AGITATION 15
16%
2020冬 ルーキー 6 立椅子かんな you complete me 6.3
16%
2020冬 ルーキー 8 サンカ 麻 酔 6
13%
2021秋 ルーキー 8 Ray あの日葬られた君と 10.8
13%
2022春 ルーキー 7 エイハブ 怪奇小説 9
13%
2022春 ルーキー 10 blues やさぐれルーキー 5.1
13%
2022秋 TOP100 10 Fushi ネクロマンスラヴ 16.4
13%
2024冬 ルーキー 8 ∄∄∄∄∄(sepiarecorders) From ∄ Glimmer ∄ to ∄ Radiance ∄ 3.9
13%
2021春 ルーキー 7 ◈*ゆくえわっと keli 9.4
13%
2020冬 ルーキー 10 才歌 神様も知らない 3.7
10%
2021春 ルーキー 8 ぷく ラブリー少女 10.6
10%
2021秋 TOP100 9 TearyPlanet アウトブレイク 20.1
10%
2022秋 ルーキー 8 ⌘ハイノミ フィクシティ 15.9
10%
2025冬 ルーキー 6 マキシウキョウ 覚悟せよ!エンタメ~ン 3
10%
2020冬 ルーキー 9 ノイ ネリネージュ 7.3
6%
2022春 ルーキー 9 Adeliae アンコール 9.3
6%
2020冬 TOP30 8 八王子P Baby I Love You 6.3
6%
2023春 ルーキー 6 ⌘ハイノミ ダーティダディ 14.8
3%
2021春 ルーキー 10 袖野あらわ Vanilla 4.7
3%
No matching quizzes found
Score Distribution
Percent of People with Each Score
Percentile by Number Answered
Your Score History
You have not taken this quiz since the last reset